000 00387cam a22001217a 4500
008 180718b1954 xxu||||| |||| 00| 0 eng d
082 _aA81x5433 In2/51/24
100 _aCensus of India 1951
245 _aHimachal Pradesh district census handbook, Chamba
260 _aSimla
_bHimachal Government
_c1954
300 _a314+p.
440 _aCensus of India 1951. Volume XXIV, Himachal Pradesh
999 _c483790
_d483790